000 00872nam a2200217 u 4500
001 000642012
003 AM-YeHGA
005 20250617140839.0
008 090313s1977 ai | |||||||||||||rus|d
040 _aAM-YeHGA
041 0 _arus
100 1 _aГаршина, Татьяна Дмитриевна
245 1 0 _aМеханизация работ и защита растений в декоративном садоводстве :
_bУчебник /
_cТ.Д. Гаршина, В.С. Холявко.
260 _aМ. :
_bВысшая школа,
_c1977.
300 _a155 с. :
_bил. ;
_c21 см.
440 0 _aПрофтехобразование
440 0 _aДекоративное садоводство
650 1 4 _aТехника в сельском хозяйстве
700 1 _aХолявко, Виктор Степанович
090 _c229369
999 _c227826
_d227826